|
|
|
|
| LEADER |
00000nam a22000007a 4500 |
| 005 |
20180927123144.0 |
| 007 |
cr|||| |||| |
| 008 |
180927s2018 br |||||s|||| 00||0 por d |
| 020 |
|
|
|a 978-85-7456-350-3
|
| 035 |
|
|
|a 22059
|
| 040 |
|
|
|a vLex
|
| 090 |
|
|
|c 8126
|d 8126
|
| 100 |
1 |
|
|a Fiker, Još
|
| 245 |
1 |
0 |
|a Manual prt̀ico de direito das construė̳s
|h [Recurso electrn̤ico] /
|c Jos ̌Fiker
|
| 250 |
|
|
|a 4ta edicin̤
|
| 256 |
|
|
|a Servicio en ln̕ea
|
| 260 |
|
|
|a San Pablo:
|b LEUD - Livraria e Editora Universitr̀ia de Direito,
|c 2018
|
| 300 |
|
|
|a 1 recurso electrn̤ico
|
| 506 |
1 |
|
|a Disponible solo en los productos indicados
|d vLex Global
|d vLex Global (Academic Edition, excluding Law Schools)
|d vLex Global (U.S. Academic Edition, Law Schools)
|d vLex Global (U.S. Academic Edition, excluding Law Schools)
|d vLex Global (Academic Edition, Law Schools)
|
| 650 |
0 |
4 |
|a Derecho Civil
|z Brasil
|
| 740 |
0 |
|
|a vLex Libros (Servicio en ln̕ea)
|
| 856 |
4 |
0 |
|u http://vlex.com/source/anual-pratico-direito-constru-es-4-edi-o-22059
|z Acceso restringido
|
| 942 |
|
|
|c BOOK
|
| 999 |
0 |
|
|a Civil Law
|